000 00321nam a22001457a 4500
008 210521b ||||| |||| 00| 0 eng d
020 _a0883634902
041 _aeng
080 _a34
082 _a34
100 _a16
101 _aFIL
245 _aLAW a Treasury of Art and Literature
_cRobbins,S
942 _2udc
_cBK
999 _c57603
_d57603